| 000 | 00875nam a22002531 4500 | ||
|---|---|---|---|
| 001 | 20233 | ||
| 003 | CZ PrNK | ||
| 005 | 20260120101049.0 | ||
| 008 | 991029s1956 xo slo | ||
| 040 |
_aABA001 _bcze _cABA001 _dABA001 |
||
| 080 |
_a632.7:634.1/.7+634.8 _2undef |
||
| 100 | 1 |
_aKřenek, Oskar _4aut |
|
| 245 | 1 | 0 |
_aChráňte ovocné stromy : _bstručný prehľad vývinu niektorých škôdcov ovocných stromov a viniča obdobie škodlivosti a vhodné obdobie ich ničenia / _cOskar Křenek |
| 250 | _a2., dopl. vyd. | ||
| 260 |
_aBratislava : _bSloven. vyd. pôdohospod. lit., _c1956 _e(Trnava : _fPolygrafické závody) |
||
| 300 |
_a116, [4] s. : _bil., tb. ; _c8° |
||
| 490 | 1 |
_aRastlinná výroba ; _vzv. 58 |
|
| 500 | _a5200 výt. | ||
| 500 | _aLit. | ||
| 500 | _aVysvetl. | ||
| 830 | 0 | _aRastlinná výroba | |
| 910 | _aABA001 | ||
| 942 |
_2ddc _cOLDO _n0 |
||
| 999 |
_c20233 _d20233 |
||